Information warfare and cyber security / (Record no. 62762)

MARC details
000 -LEADER
fixed length control field 00535nam a22001577a 4500
005 - DATE AND TIME OF LATEST TRANSACTION
control field 2012021408108.0
020 ## - INTERNATIONAL STANDARD BOOK NUMBER
International Standard Book Number 8172731434
Terms of availability 500.00
035 ## - SYSTEM CONTROL NUMBER
System control number B-120877
037 ## - SOURCE OF ACQUISITION
Stock number DPL
Source of stock number/acquisition ENG
100 ## - MAIN ENTRY--PERSONAL NAME
Personal name Mishra, R C
245 ## - TITLE STATEMENT
Title Information warfare and cyber security /
Statement of responsibility, etc by R C Mishra
260 ## - PUBLICATION, DISTRIBUTION, ETC. (IMPRINT)
Place of publication, distribution, etc Delhi
Name of publisher, distributor, etc Authorpress
Date of publication, distribution, etc 2003
300 ## - PHYSICAL DESCRIPTION
Extent v, 218p.
Dimensions 18 cms.
942 ## - ADDED ENTRY ELEMENTS (KOHA)
Source of classification or shelving scheme Dewey Decimal Classification
Item type English Books
Classification part 005.8
Call number suffix MIS
Holdings
Withdrawn status Lost status Not for loan Collection code Home library Current library Date acquired Cost, normal purchase price Full call number Barcode Cost, replacement price Koha item type
      Non-fiction Sarojini Nagar Sarojini Nagar 14/02/2012 500.00 005.8 MIS B-120877 500.00 English Books

© Delhi Public Library
Hit Counter
free hit counter